Voyage aux mines d'or du pharaon : composé de entre Nil et Mer rouge /

Saved in:

Main Author: Linant de Bellefonds, L.-M.-A., 1799-1883 (Author)

Format: Book

Language: French

Published: Saint-Clement-de-Riviere: Fata Morgana, 2002.

Subjects:

Tags: Add Tag

No Tags, Be the first to tag this record!

Call Number: DT53 .L553 2002

LEADER 01016nam a2200229Ia 4500
003 OSt
005 20260326084711.0
008 211223r20021896fr ab 000 0 fre c
020 |a 2851945777 
040 |c ARCE Library 
050 4 |a DT53 .L553 2002 
100 1 |a Linant de Bellefonds, L.-M.-A.,   |q (Louis Maurice Adolphe),   |d 1799-1883,   |e author 
240 1 0 |a Etbaye. 2002 
245 1 0 |a Voyage aux mines d'or du pharaon :   |b composé de entre Nil et Mer rouge /   |c par Jean-Claude Goyon. Un homme d'action dans l'Egypte du XIXe siècle / par Marcel Kurz. L'Etbaye : pays habité par les arabes bicharieh : géographie, ethnologie, mines d'or / par Linant de Bellefonds.  
264 1 |a Saint-Clement-de-Riviere:  |b Fata Morgana,  |c 2002. 
300 |a 275 p. :   |b ill., maps ;   |c 24 cm. 
500 |a Originally published: Paris : A. Bertrand, [1896?] 
650 0 |a Egyptian Mission   |x Exploration   |x History   |y 19th Century. 
651 0 |a Egypt   |x Description and travel. 
901 |a reviewed 
942 |2 lcc  |c BK 
999 |c 41148  |d 41148